| 000 | 00476 a2200181 4500 | ||
|---|---|---|---|
| 003 | OSt | ||
| 005 | 20231212113546.0 | ||
| 008 | 231212b |||||||| |||| 00| 0 eng d | ||
| 020 | _a9788122610819 | ||
| 040 | _coclc | ||
| 082 |
_a920 _bCHE/J |
||
| 100 |
_aCherukad _96437 |
||
| 245 |
_aJeevithappatha / _cCherukad |
||
| 250 | _a11th ed. | ||
| 260 |
_aThrissur: _bCurrent Books, _c2022. |
||
| 300 | _a608p. | ||
| 942 |
_2ddc _cBK _h920 _iCHE/J _k920 _mCHE/J |
||
| 999 |
_c44074 _d44074 |
||